|
|
|
|
| LEADER |
02240cam a2200577 i 4500 |
| 001 |
nkc20253710995 |
| 003 |
CZ PrNK |
| 005 |
20260205081627.0 |
| 007 |
ta |
| 008 |
250916s2025 xr e f 000 0 cze d |
| 015 |
|
|
|a cnb003710995
|
| 020 |
|
|
|a 978-80-88630-26-5
|q (vázáno)
|
| 040 |
|
|
|a HKA001
|b cze
|d BOA001
|e rda
|
| 041 |
1 |
|
|a cze
|h eng
|
| 072 |
|
7 |
|a 159.92
|x Vývojová psychologie. Individuální psychologie
|2 Konspekt
|9 17
|
| 080 |
|
|
|a 17.023.34
|2 MRF
|
| 080 |
|
|
|a 159.923-025.18
|2 MRF
|
| 080 |
|
|
|a 159.923.5
|2 MRF
|
| 080 |
|
|
|a 613
|2 MRF
|
| 080 |
|
|
|a 316.472.4
|2 MRF
|
| 080 |
|
|
|a (035)
|2 MRF
|
| 100 |
1 |
|
|a Sharma, Robin S.
|q (Robin Shilp),
|d 1964-
|7 mzk2003173761
|4 aut
|
| 240 |
1 |
0 |
|a Wealth money can't buy.
|l Česky
|
| 245 |
1 |
0 |
|a Bohatství, které si za peníze nekoupíš :
|b osm tajných návyků pro skutečně bohatý život /
|c Robin S. Sharma ; z anglického originálu Wealth money can't buy ... přeložily Sabina Poláková a Zuzana Hulvová
|
| 246 |
3 |
0 |
|a Osm tajných návyků pro skutečně bohatý život
|
| 264 |
|
1 |
|a V Praze :
|b Rybka Publishers,
|c 2025
|
| 300 |
|
|
|a 367 stran ;
|c 20 cm
|
| 336 |
|
|
|a text
|b txt
|2 rdacontent
|
| 337 |
|
|
|a bez média
|b n
|2 rdamedia
|
| 338 |
|
|
|a svazek
|b nc
|2 rdacarrier
|
| 650 |
0 |
7 |
|a štěstí
|7 ph127882
|2 czenas
|
| 650 |
0 |
7 |
|a spokojenost
|7 ph1102992
|2 czenas
|
| 650 |
0 |
7 |
|a rozvoj osobnosti
|7 ph194683
|2 czenas
|
| 650 |
0 |
7 |
|a péče o zdraví
|7 ph124852
|2 czenas
|
| 650 |
0 |
7 |
|a interpersonální vztahy
|7 ph114786
|2 czenas
|
| 650 |
0 |
9 |
|a happiness
|2 eczenas
|
| 650 |
0 |
9 |
|a contentment
|2 eczenas
|
| 650 |
0 |
9 |
|a personality development
|2 eczenas
|
| 650 |
0 |
9 |
|a health care
|2 eczenas
|
| 650 |
0 |
9 |
|a interpersonal relations
|2 eczenas
|
| 655 |
|
7 |
|a příručky
|7 fd133209
|2 czenas
|
| 655 |
|
9 |
|a handbooks and manuals
|2 eczenas
|
| 700 |
1 |
|
|a Poláková, Sabina,
|d 1981-
|7 xx0071407
|4 trl
|
| 700 |
1 |
|
|a Hulvová, Zuzana
|7 xx0061417
|4 trl
|
| 910 |
2 |
|
|a BOA001
|b 1-1554.624
|
| 920 |
|
|
|a 001102548
|z HKA001
|
| 990 |
|
|
|a BK
|
| 995 |
|
|
|a 60
|
| 991 |
|
|
|b 202601
|c NOV
|
| 996 |
6 |
|
|b 2611020678
|c 1-1554.624
|l MZK
|r Sklad / do 1 hodiny
|n 0
|p p.v.
|w 002028474
|u 000010
|a 1
|e BOA001
|j MZK50
|s P
|
| 996 |
7 |
|
|b 2611022004
|c 1-1554.624
|l Vol.výběr
|r VV 0p
|n 4
|p kup
|h 159.92 SHA
|w 002028474
|u 000020
|a 0
|e BOA001
|j MZK50
|s A
|